000 00687nam a22001817a 4500
005 20240103113320.0
010 _aENG-135782
020 _a9789381992388
_c500.00
035 _aEN-119314
037 _bDBAD/PUB
082 _a320.954311
100 _aUmamaheswari, D.
_960574
245 _aA study on the Role of Alternative Dispute Resolution Methods in Reducing the Crisis of Judicial Delays and Arrears with Special Reference to Pondicherry/
_cBy Arup Kumar Mitra; Debjani Dutta and Lopamudra Roy
300 _axx, 401p.
_c28cm(pbk)
700 _aDutta, Debjani
_eAuthor
_960575
700 _aRoy, Lopamudra
_eAuthor
_960576
942 _2ddc
_cEN
_mUMA
_h320.954311
999 _c194110
_d194110